La cartuja de parma - vol. i /

Guardado en:
Autor Principal: Stendhal (seud)beyle, Henri (1783-1842)
Formato: Libro
Publicado: Madrid : Club Internacional del Libro, 1998
Materias:
Etiquetas: Agregar Etiqueta
Sin Etiquetas, Sea el primero en etiquetar este registro!
LEADER 00634nam a22002055a 4500
001 CEM.cems016943
005 20121127162329.0
008 130507s1998##################000#0#####d
003 CEMS
020 |a T.I:8482650726O.C.:848265070X 
082 0 4 |a 843 
100 1 |a Stendhal (seud)beyle, Henri (1783-1842) 
245 1 0 |a La cartuja de parma - vol. i /  |c Henri Beyle (seud.) Stendhal 
260 |a Madrid :  |b Club Internacional del Libro,  |c 1998 
300 |a 242 p. 
653 |a Literatura 
653 |a Literatura francesa 
653 |a Novela 
653 |a Novela francesa 
859 |a CEMS  |b BIB. CEMS - Agricultura  |h 843  |i St422  |p A0353.01  |t Ej.1  |v I  |3 I